000
00257nam a22001217a 4500
020
_a
0-19-561790
082
_a
425
_b
MAN/U
245
_a
USING GRAMMAR
260
_a
NEW DELHI
_b
OXFORD UNIVERSITY
300
_a
122
650
_a
GRAMMAR
_z
NEW DELHI
942
_c
BK
999
_c
3823
_d
3823